Historiske meddelelser om kobenhavn: med register arbogerne, 1960-63: arbog 1963
Enregistré dans:
| Format: | Livre |
|---|---|
| Langue: | danois |
| Publié: |
Copenhague
Kobenhavns kommunalbestyrelse
1963
|
| Édition: | 1a. ed |
| Sujets: | |
| Tags: |
Ajouter un tag
Pas de tags, Soyez le premier à ajouter un tag!
|
MARC
| LEADER | 00000cam a2200000 a 4500 | ||
|---|---|---|---|
| 001 | UCD4472 | ||
| 003 | CL-VaPUC | ||
| 008 | 160708e19630000dk |||||||||||||||||dan|d | ||
| 082 | 0 | 4 | |a 948.9 |b HIS |2 21 |
| 245 | 1 | 0 | |a Historiske meddelelser om kobenhavn: med register arbogerne, 1960-63: arbog 1963 |
| 250 | |a 1a. ed | ||
| 300 | |a 207 p | ||
| 942 | |c BK | ||
| 945 | |d 20160708 23:22:00 |a arojas | ||
| 260 | |a Copenhague |b Kobenhavns kommunalbestyrelse |c 1963 | ||
| 650 | 7 | |a HISTORIA DE DINAMARCA |2 CL-VaPUC |9 445105 | |
| 650 | 0 | |a Historia siglo 20 |9 255736 | |
| 651 | 7 | |a DINAMARCA |2 CL-VaPUC |9 315123 | |
| 583 | |a last modification |c 20160708 23:22:00 |k Rodrigo Vera | ||
| 999 | |c 365370 |d 365368 | ||
| 952 | |0 0 |1 0 |3 erb |4 0 |6 948_900000000000000_HIS_1963 |7 0 |8 A |9 479188 |a FDOHBE |b FDOHBE |e Huesbe Llanos, Marco Antonio, 1934- |i 5306434 |o 948.9 HIS 1963 |p 5306434 |r 2024-01-30 |w 2019-11-24 |y BK |z Catalogado en:20160708 |k HBE | ||